University Home | Library Home | Institutional Repository

Man's religions. (Record no. 8266)

MARC details
000 -LEADER
fixed length control field 00581cam2a220021700 4500
001 - CONTROL NUMBER
control field zam00002124
008 - FIXED-LENGTH DATA ELEMENTS--GENERAL INFORMATION
fixed length control field 951128s1974 xx eng u
035 ## - SYSTEM CONTROL NUMBER
System control number (Sirsi) r19503
035 ## - SYSTEM CONTROL NUMBER
System control number (MACHINE)SLC.
100 ## - MAIN ENTRY--PERSONAL NAME
Personal name Noss, J. B.
Linkage A80398.1
245 10 - TITLE STATEMENT
Title Man's religions.
260 ## - PUBLICATION, DISTRIBUTION, ETC.
Date of publication, distribution, etc. 1974.
591 ## -
-- Class code: RS 100.
591 ## -
-- Course: Introduction to religious studies.
591 ## -
-- School: S03.
591 ## -
-- Lecturer: Fr. CARMODY, B.P.
591 ## -
-- Number of Students: 45.
949 ## - LOCAL PROCESSING INFORMATION (OCLC)
a BL80.2
w lcc
m MAIN
t BOOK
l ON-SHELF
909 ## -
-- Book
Holdings
Withdrawn status Lost status Source of classification or shelving scheme Damaged status Not for loan Home library Current library Shelving location Total Checkouts Full call number Barcode Date last seen Copy number Price effective from Koha item type
    Library of Congress Classification     Main Library Main Library Academic reserves/Short loan   BL80.2 33729000771449 08/12/2019 1 08/12/2019 Short Loan material
© 2026 - The University of Zambia Library - Koha v25.11